000 01817cam a22004574i 4500
003 PE-LiUPU
005 20250731173343.0
008 150706s r 000 0 d
020 _a8495042622
035 _a(Sirsi) i9788495042620
040 _aPE-LiUPU
_bspa
_cPE-LiUPU
_erda
049 _aPRUA
082 0 4 _a222.35
_bJ54
_221
100 1 _aJiménez Hernández, Emiliano,
_eautor.
245 1 0 _aRut la moabita :
_bresonancias bíblicas /
_cEmiliano Jiménez Hernández.
264 1 _aBaracaldo :
_bGrafite,
_c2001.
300 _a295 páginas ;
_c20 centímetros
336 _atext
_2rdacontent
337 _aunmediated
_2rdamedia
338 _avolume
_2rdacarrier
505 0 _aEl marco del libro -- Hubo hambre en la tierra -- De Belén a Moab -- De Moab a Belén -- El camino de la conversión -- Llegada a Belén -- La siega de la cebada -- En casa -- En la Era -- Sé mi Goel -- De vuelta en casa -- En la puerta de Belén -- Bendición sobre Booz y Rut -- Obed, David, Cristo -- Espigas caídas.
526 _aSEG42
526 _aSEG41
526 _aSEG40
526 _aSEG39
526 _aP94
526 _aP87
526 _aP86
526 _aP85
526 _aP77
526 _aP76
526 _aP35
541 _g007-0020317;
630 _aBiblia.
_pA.T.
_p Ruth
_xComentarios .
910 _agl
_bjv
_clch
_d20091007
942 _2ddc
_cBOOK
949 _a222.35 J54
_wDEWEY
_c1
_i60353
_lCCODEBUL1
_mBUL
_p28.00
_r0
_sY
_tBOOK
_u2015-7-6
_xTEOLOGIA
_zUNKNOWN
_0COMPRA
_o.STAFF. Colección General
994 _aC0
_bPEPRU
596 _a1
999 _a222.35 J54
_wDEWEY
_c49816
_i60353
_d49816
_f2021-11-9
_g5
_lCCODEBUL1
_mBUL
_p28.00
_q2
_r0
_sY
_tBOOK
_u2015-7-6
_xTEOLOGIA
_zUNKNOWN
_0COMPRA
_o.STAFF. Colección General
980 _81
_gALBERTO SANCHEZ Responsable de Automatización